| 000 | 00703cab a2200229 4500 | ||
|---|---|---|---|
| 001 | X848 | ||
| 008 | 090401t1993 xxu||||| |||| 00| 0 eng d | ||
| 035 | _a(Sirsi) u67758 | ||
| 041 | _aeng | ||
| 245 | _aWestminster CC and Premiere Venus Ltd | ||
| 260 | _c1993 | ||
| 350 | _a0 | ||
| 490 |
_aPlanning Appeal Decisions _v1993 8 PAD 297-300(4) |
||
| 520 | _aListed building consent sought for erection of projecting neon sign and express consent for display of a projecting neon sign. | ||
| 650 | _aADVERTISING HOARDINGS | ||
| 650 | _aLISTED BUILDINGS | ||
| 650 | _aNEON SIGNS | ||
| 650 | _aPLANNING APPEAL | ||
| 690 | _aPLANNING LAW AND PRACTICE-CASE LAW | ||
| 942 | _n0 | ||
| 948 | _c04/03/1997 | ||
| 999 |
_c42435 _d42435 |
||